The Magnificent Century - Statistics

General Stats
  • This quiz has been taken 66 times
  • The average score is 13 of 21
Answers on the Grid
Answers color-coded by a green-red scale on the quiz's grid according to % correct below.
Malkocoglu Bali Bey
Kanuni Sultan Süleyman
Malhun Hatun
Sümbül Aga
Hürrem Sultan
Sehzade Mustafa
Pargali Ibrahim Pasha
Ulubatlı Hasan
Sehzade Selim
Nurbanu Sultan
Gündüz Bey
Barbaros Hayrettin Pasha
Taslicali Yahya
Sokollu Mehmed Pasha
Saltuk Alp
Mihrimah Sultan
Ayse Hafsa Sultan
Matrakçi Nasuh
Ebu Suud Efendi
Sehzade Bayezid
Sehzade Cihangir
Osman Bey
Lala Mustafa Paşa
Mahidevran Sultan
Bala Hatun
Seyh Edebali
Hatice Sultan
Sultan Mehmed II
Rüstem Pasha
Molla Gurani
 
Answer Stats
Answer % Correct
Hürrem Sultan
83%
Pargali Ibrahim Pasha
83%
Sehzade Mustafa
76%
Rüstem Pasha
72%
Nurbanu Sultan
69%
Sehzade Bayezid
69%
Sehzade Selim
69%
Kanuni Sultan Süleyman
66%
Sümbül Aga
66%
Hatice Sultan
62%
Malkocoglu Bali Bey
62%
Sehzade Cihangir
59%
Ayse Hafsa Sultan
52%
Mihrimah Sultan
52%
Sokollu Mehmed Pasha
52%
Barbaros Hayrettin Pasha
48%
Ebu Suud Efendi
48%
Mahidevran Sultan
48%
Taslicali Yahya
48%
Matrakçi Nasuh
45%
Lala Mustafa Paşa
34%
No matching quizzes found
Score Distribution
Percent of People with Each Score
Percentile by Number Answered
Your Score History
You have not taken this quiz